| 000 | 00698nam a2200229 i 4500 | ||
|---|---|---|---|
| 001 | 169283 | ||
| 003 | ES-MaACL | ||
| 005 | 20230906214041.0 | ||
| 008 | 080828s2004 sp |||| | spa d | ||
| 017 | _aM-47.569-2004 | ||
| 020 | _a84-7962-307-1 | ||
| 080 | _a821.134.2(728.5)-14"19" | ||
| 100 | 1 |
_aZepeda-Henríquez, Eduardo. _9118193 |
|
| 245 | 1 | 0 |
_aCanto rodado de personas y lugares / _cEduardo Zepeda-Henríquez. |
| 260 |
_aMadrid : _bVerbum, _c2004. |
||
| 300 |
_a96 p. ; _c20 cm. |
||
| 490 | 1 | _aVerbum poesía | |
| 500 | _aRetrato del autor. | ||
| 830 | 0 |
_aVerbum poesía _9179410 |
|
| 852 | 4 |
_aES-MaACL _jL-29652 _9R.142945 _z-Ded. autógr. del autor. |
|
| 999 |
_c169283 _d169283 |
||